Inventories (Record no. 79046)
[ view plain ]
| 000 -LEADER | |
|---|---|
| fixed length control field | 01194cab a22002055a 4500 |
| 001 - CONTROL NUMBER | |
| control field | L139521 |
| 008 - FIXED-LENGTH DATA ELEMENTS--GENERAL INFORMATION | |
| fixed length control field | 070730e2007 xxk f 000 0 eng d |
| 035 ## - SYSTEM CONTROL NUMBER | |
| System control number | (Sirsi) u139521 |
| 041 0# - LANGUAGE CODE | |
| Language code of text/sound track or separate title | eng |
| 100 1# - MAIN ENTRY--PERSONAL NAME | |
| Personal name | Fowler, Steven |
| 245 00 - TITLE STATEMENT | |
| Title | Inventories |
| Remainder of title | in the light of TDP legislation |
| 260 ## - PUBLICATION, DISTRIBUTION, ETC. | |
| Date of publication, distribution, etc. | 2007 |
| 490 ## - SERIES STATEMENT | |
| Series statement | Letting Update Journal |
| Volume/sequential designation | 15(2) July 2007, 14-17(4) |
| 520 ## - SUMMARY, ETC. | |
| Summary, etc. | First of two articles addressing best practice for dealing with residential tenancy inventories. Following the introduction of Tenancy Deposit Protection, these have become a subject of debate. Events are showing that disputes can easily require Alternative Dispute Resolution. Landlords should provide an inventory along with a tenancy agreement or risk lacking proof should dispute arise. Good inventories will contain factual and descriptive terms. Photographs and digital recordings can be helpful, but are no substitute for this. Considers the relative merits of accompanied and unaccompanied move-ins. |
| 590 ## - LOCAL NOTE (RLIN) | |
| Local note | KA |
| 650 24 - SUBJECT ADDED ENTRY--TOPICAL TERM | |
| Topical term or geographic name entry element | HOUSING ACT 2004 PART VI |
| 651 #4 - SUBJECT ADDED ENTRY--GEOGRAPHIC NAME | |
| Geographic name | United Kingdom |
| Chronological subdivision | |
| 690 ## - LOCAL SUBJECT ADDED ENTRY--TOPICAL TERM (OCLC, RLIN) | |
| Topical term or geographic name as entry element | PROPERTY-RESIDENTIAL PROPERTY-RESIDENTIAL LANDLORD AND TENANT-RESIDENTIAL TENANCIES |
| 942 ## - ADDED ENTRY ELEMENTS (KOHA) | |
| Suppress in OPAC | 0 |
| Withdrawn status | Lost status | Source of classification or shelving scheme | Damaged status | Not for loan | Home library | Current library | Shelving location | Date acquired | Total Checkouts | Full call number | Barcode | Date last seen | Copy number | Price effective from | Koha item type |
|---|---|---|---|---|---|---|---|---|---|---|---|---|---|---|---|
| Dewey Decimal Classification | London | London | Journal article | 30/07/2007 | L139521 | 139521-1001 | 06/08/2019 | 1 | 06/08/2019 | Journal article |